| 000 | 00000nam##2200000za#4500 |
| 001 | 9.570609 |
| 003 | CaOODSP |
| 005 | 20220623092433 |
| 007 | cr ||||||||||| |
| 008 | 150406|1998||||xxc|||||o f|0| 0 eng|d |
| 040 | |aCaOODSP|beng |
| 043 | |an-cn--- |
| 086 | 1 |aC21-23/18-1998E-PDF |
| 110 | 1 |aCanada. |bIndustry Canada. |
| 245 | 10|aReducing regulatory barriers to trade - lessons for Canada from the European experience : |h[electronic resource]|boccasional paper number 18, February 1998 / |cby Ramesh Chaitoo and Michael Hart. |
| 260 | |aOttawa - Ontario : |bIndustry Canada |cFebruary 1998. |
| 300 | |a61p.|breferences |
| 490 | 1 |aOccasional paper|vNo. 18 |
| 500 | |aIncorrect catalogue number (C21-23/19-1998) and ISBN (0-662-63339-3) printed in this publication. |
| 590 | |a11-09-Supp|b2011-06-30 |
| 720 | 1 |aChaitoo, Ramesh |
| 720 | 1 |aHart, Michael |
| 775 | 08|tRéduction des obstacles réglementaires au commerce : leçons à tirer de l'expérience européenne pour le Canada : |w(CaOODSP)9.601257 |
| 776 | 0#|tReducing regulatory barriers to trade : |w(CaOODSP)9.530036 |
| 776 | 0#|tRéduction des obstacles réglementaires au commerce : |w(CaOODSP)9.530037 |
| 830 | #0|aOccasional paper (Canada. Industry Canada)|vNo. 18|w(CaOODSP)9.504752 |
| 856 | 40|ahttp://publications.gc.ca|qPDF|s155 KB|uhttps://publications.gc.ca/collections/Collection/C21-23-18-1998E.pdf|yNo. 18 |